مكتبة جامعة عجلون الوطنية

فهرس بحث المكتبة

أثر استخدام الذكاء الاصطناعي في التنبؤ في الإفلاس للشركات الصناعية في الأردن = The Effect of Using Artificial intelligence in Bankruptcy Predicting for Industrial Companies in Jordan. (Record no. 33971)

MARC details
000 -LEADER
fixed length control field 01032nam a22001937a 4500
003 - CONTROL NUMBER IDENTIFIER
control field JO-AjAnu
005 - DATE AND TIME OF LATEST TRANSACTION
control field 20250923091600.0
008 - FIXED-LENGTH DATA ELEMENTS--GENERAL INFORMATION
fixed length control field 250921b jo ||||| |||| 00| 0 ara d
040 ## - CATALOGING SOURCE
Original cataloging agency ANU
Transcribing agency JO-AjAnu
041 ## - LANGUAGE CODE
Language code of original ARA
100 ## - MAIN ENTRY--PERSONAL NAME
Personal name الصمادي، رامي وليد محمد
Relator term معد
9 (RLIN) 66642
245 ## - TITLE STATEMENT
Title أثر استخدام الذكاء الاصطناعي في التنبؤ في الإفلاس للشركات الصناعية في الأردن = The Effect of Using Artificial intelligence in Bankruptcy Predicting for Industrial Companies in Jordan.
Statement of responsibility, etc. / اعداد رامي وليد محمد الصمادي ؛ اشراف احمد ابراهيم كراجه
260 ## - PUBLICATION, DISTRIBUTION, ETC.
Date of publication, distribution, etc. 2025
300 ## - PHYSICAL DESCRIPTION
Extent 90 ورقة
500 ## - GENERAL NOTE
General note رسالة جامعية (رسالة ماجستير في المحاسبة) كلية الأعمال / جامعة عجلون الوطنية ؛ 2025
650 ## - SUBJECT ADDED ENTRY--TOPICAL TERM
Form subdivision الشركات-محاسبة-إفلاس-الأردن
700 ## - ADDED ENTRY--PERSONAL NAME
Personal name كراجه، احمد ابراهيم
9 (RLIN) 64987
Relator term مشرف
942 ## - ADDED ENTRY ELEMENTS (KOHA)
Source of classification or shelving scheme Library of Congress Classification
Koha item type Thesis
Suppress in OPAC No
Holdings
Withdrawn status Lost status Source of classification or shelving scheme Damaged status Not for loan Home library Current library Date acquired Total Checkouts Full call number Barcode Date last seen Price effective from Koha item type
    Library of Congress Classification     مكتبة جامعة عجلون الوطنية مكتبة جامعة عجلون الوطنية 21/09/2025   HG4235.25.2025 A30332 21/09/2025 21/09/2025 Thesis
    Library of Congress Classification     مكتبة جامعة عجلون الوطنية مكتبة جامعة عجلون الوطنية 21/09/2025   HG4235.25.2025 A30331 21/09/2025 21/09/2025 Thesis